000 01704nab a2200229 i 4500
001 768714001
003 CO-MdFUSB
005 20240523162016.0
008 240523t1974 sp ||||| |||| 00| 0 spa d
040 _bspa
_cCO-MdFUSB
_dCO-MdFUSB
041 _aspa
100 _aVan Bavel, Tarsicius Jan,
_d1923-2007
_eautor
245 _aGrupo pequeño y mundo grande: problemas de estructura
_c/ Tarsicius Jan Van Bavel ; traducido por Gilberto Gutiérrez
520 _aEscribir sobre los problemas de estructura en la vida religiosa actual es empresa delicada por la misma diversidad de las estructuras en la vida religiosa: dependencia de una autoridad centralizada en Roma o dependencia de una diócesis, poder democrático depositado en un capítulo general o autoridad más monárquica de un superior o abad general, elección de los responsables por un tiempo limitado entre cuatro y doce años o elección vitalicia, estructuras sintonizadas sobre la labor eficaz o estructuras orientadas a la convivencia interpersonal, estructuras de un grupo grande o de un grupo pequeño. A la vista de esta diversidad el autor intenta formular algunas consideraciones generales, con la esperanza de invitar al propio lector a reflexionar por su cuenta y a tender el puente hasta su situación vital concreta.
650 7 _aFe
_9531
650 7 _aCristología
_9239
650 7 _aHombres
_xVida religiosa
_97150
700 _aGutiérrez, Gilberto,
_etraductor
773 0 _049450
_982677
_oR2587
_tRevista internacional de teología Concilium
_w(CO-MdFUSB)8
_x0210-1041
_gVolumen 97, (julio - agosto , 1974 ) páginas: 84 - 97
_qpáginas: 84
942 _cANA
945 _aCatherine Arias Álvarez - Practicante SENA
999 _c69888
_d69888